Представление документа в формате RUSMARC

ПолеНазваниеЗначение
  Тип записи c
  Библиографический уровень c
001 Контрольный номер RU/SLIB/B/208754224
005 Дата корректировки 20201206204145.7
010 Индекс ISBN __
d Цена 100-00
101 Язык документа __
a Язык текста rus
200 Заглавие и сведения об ответственности 1_
a Заглавие Ноты
e Сведения, относящиеся к заглавию песенник
f Первые сведения об ответственности сост. Ю. А. Зацарный
b Общее обозначение материала Ноты
210 Выходные данные __
a Место издания М.
c Издательство Совет. композитор
d Дата издания 1990
215 Физическое описание __
a Объем 47 с.
c Иллюстрации/тип воспроизводства ноты
327 Примечание о содержании __
a Примечание о содержании За горою у колодца
327 Примечание о содержании __
a Примечание о содержании Ты, Кубань, ты наша родина
327 Примечание о содержании __
a Примечание о содержании В северной сторонке
327 Примечание о содержании __
a Примечание о содержании Как по матушке, братцы, по Волге
327 Примечание о содержании __
a Примечание о содержании Возмой, туча
327 Примечание о содержании __
a Примечание о содержании Вдоль по морю, морю
327 Примечание о содержании __
a Примечание о содержании У нас, братцы, было на Дону
327 Примечание о содержании __
a Примечание о содержании Волюшка
327 Примечание о содержании __
a Примечание о содержании Ой, да ты пролей-ка, пролей, сильный дождичек!
327 Примечание о содержании __
a Примечание о содержании Подуй, подуй, непогодушка!
327 Примечание о содержании __
a Примечание о содержании Ветер с поля, туман с моря
327 Примечание о содержании __
a Примечание о содержании Скакал казак через долину
327 Примечание о содержании __
a Примечание о содержании Как по лугу, по лужочку
327 Примечание о содержании __
a Примечание о содержании Молодка, молодка молоденькая
327 Примечание о содержании __
a Примечание о содержании Как по морю, да по моречку
327 Примечание о содержании __
a Примечание о содержании Я во сад пошла
327 Примечание о содержании __
a Примечание о содержании Полоса ль моя, полосынька
327 Примечание о содержании __
a Примечание о содержании Рано ты, калинушка
327 Примечание о содержании __
a Примечание о содержании На горе, горе
327 Примечание о содержании __
a Примечание о содержании Шел милый по бережку
327 Примечание о содержании __
a Примечание о содержании Как по лугу, лугу
327 Примечание о содержании __
a Примечание о содержании Эко сердце
327 Примечание о содержании __
a Примечание о содержании Вылетала бедна пташка на долину
327 Примечание о содержании __
a Примечание о содержании Гордена
327 Примечание о содержании __
a Примечание о содержании Посеяли девки лен
327 Примечание о содержании __
a Примечание о содержании Уж ты, зимушка
327 Примечание о содержании __
a Примечание о содержании Уж ты, сизенький петун
327 Примечание о содержании __
a Примечание о содержании Из-за леса, из-за рощи
327 Примечание о содержании __
a Примечание о содержании Летел голубь, летел сизой
327 Примечание о содержании __
a Примечание о содержании Валенки
327 Примечание о содержании __
a Примечание о содержании Це сидишь
327 Примечание о содержании __
a Примечание о содержании Солнце село за горою дальней
461 Уровень набора __
1 2001
a Русские народные песни
v Вып. 9
606 Тематические рубрики __
a Основная рубрика Музыка и зрелищные искусства
606 Тематические рубрики __
a Основная рубрика История музыки
606 Тематические рубрики __
a Основная рубрика Вокальная музыка
610 Ключевые слова __
a Ключевые слова нотные издания; народное творчество; песни; музыкальный фольклор; народные песни; русские народные песни
686 Индексы других классификаций __
a Классификационный индекс 85.92я438
a Классификационный индекс 85.92
a Классификационный индекс 85.94я438
702 Вторичная интеллектуальная ответственность __
a Фамилия Зацарный
b Имя Ю. А.
4 Код отношения Составитель
801 Источник записи _0
a Страна RU
b Организация Муниципальное бюджетное учреждение культуры "Централизованная библиотечная система" г. Сургут (Центральная городская библиотека им. А. С. Пушкина)
g Правила каталогизации КиК/Уланова
801 Источник записи _1
a Страна RU
b Организация Муниципальное бюджетное учреждение культуры "Централизованная библиотечная система" г. Сургут (Центральная городская библиотека им. А. С. Пушкина)
g Правила каталогизации КиК/Уланова
852 Данные о местонахождении __
j Шифр хранения 85.92я438
c Каталожный индекс 85.313(2); 85.92; 85.94я438
i Авторский знак Р 89
p Инвентарный номер Б/Н
901 Тип документа __
t Тип документа x
969 Тип издания __
a Тип издания песенник; нотное издание
990 Данные о заказе (DOS) __
j Количество экземпляров (DOS) 1